000 00505nam a22001817a 4500
005 20180131104009.0
010 _aENG-122175
020 _a9789350651421
_c300.00
035 _aEN-105707
037 _bDBAD/PUB
082 _a610.3
100 _aNath, Rakesh
245 _aMedical Dictionary /
_cby Rakesh Nath
260 _aNew Delhi
_bVishv Publishers
_c2008
270 _aM-12, Connaught Circus,
_bNew Delhi
_e110001
300 _a367p.
_c22cm(pbk)
942 _2ddc
_cEN
_h610.3
_mNAT
999 _c149592
_d149592